| 000 | 00588nam a2200145Ia 4500 | ||
|---|---|---|---|
| 008 | 260210s9999 xx 000 0 und d | ||
| 024 | _a16B-159-EL, 16B-168-EL, 16B-172-EL & 16B-191-EL | ||
| 082 | _a004.87092 MUH | ||
| 100 | _aMuhammad Sabih, Mubin Farid, Syed Abdullah & M. Saad Bin Tariq | ||
| 245 | 0 | _aController Based Automated Burger Bot | |
| 260 |
_aKarachi: _bUITU, _c2016 |
||
| 600 | _aElectronic Engineering | ||
| 650 | _aBachelor of Engineering (BE) | ||
| 856 |
_uhttps://drive.google.com/file/d/13t9ycYdgL9t5ZwPFFd0YHBYrbmEcnTnl/view?usp=sharing _yClick here for PDF |
||
| 999 |
_c33263 _d33263 |
||